| 000 | 00615nam a2200205 a 4500 | ||
|---|---|---|---|
| 001 | 2212 | ||
| 003 | CDMR | ||
| 005 | 20151016124801.0 | ||
| 008 | 130130s1990||||||||||||||||||||||||||||d | ||
| 020 | _a8440483805 | ||
| 040 |
_aCDMR _bcat _cCPC LLEIDA |
||
| 100 | 1 |
_aCulla, Joan B. _91642 |
|
| 245 | 1 | 3 |
_aLa premsa republicana _cJ.B. Culla, Àngel Duarte |
| 260 |
_aBarcelona _bDiputació de Barcelona |
||
| 260 |
_c1990 _bCol·legi de Periodistes de Catalunya |
||
| 490 | 0 |
_aVaixells de Paper _v8 |
|
| 650 | 0 | 4 |
_93305 _aRepublicanisme _xRevistes |
| 710 | 2 |
_9133 _aCol·legi de Periodistes de Catalunya |
|
| 942 |
_cMON _2ddc |
||
| 999 |
_c2212 _d2212 |
||